000 00689cam a2200205 4500500
005 20260329010135.0
041 _afre
042 _adc
100 1 0 _aOlivier, Raphaël
_eauthor
245 0 0 _aTuring / Searle : une IA peut-elle se faire passer pour un humain ?
260 _c2023.
500 _a78
690 _aAlan Turing
690 _aIntelligence Artificielle
690 _aJohn Searle
690 _aMachine
690 _aTechnologie
786 0 _nPhilosophie magazine - Hors séries | Hors série - Pritemps 2023 | HS57 | 2023-04-01 | p. 9-9 | 2104-9246
856 4 1 _uhttps://shs.cairn.info/magazine-philosophie-magazine-2023-3-page-9?lang=fr&redirect-ssocas=7080
999 _c1849831
_d1849831